Foreign trade white paper of Japan : A general assessment trade of chemicals, and trade of machinery
Bewaard in:
| Formaat: | Boek |
|---|---|
| Taal: | Undetermined |
| Gepubliceerd in: |
Tokyo
Trade Bulletin Corporation
1971
|
| Onderwerpen: | |
| Tags: |
Voeg label toe
Geen labels, Wees de eerste die dit record labelt!
|
| Thư viện lưu trữ: | Trung tâm Học liệu Trường Đại học Cần Thơ |
|---|
| LEADER | 00569nam a2200193Ia 4500 | ||
|---|---|---|---|
| 001 | CTU_105531 | ||
| 008 | 210402s9999 xx 000 0 und d | ||
| 082 | |a 382.0952 | ||
| 082 | |b F715/1971 | ||
| 245 | 0 | |a Foreign trade white paper of Japan : | |
| 245 | 2 | |b A general assessment trade of chemicals, and trade of machinery | |
| 260 | |a Tokyo | ||
| 260 | |b Trade Bulletin Corporation | ||
| 260 | |c 1971 | ||
| 650 | |a Japan,Machinery industry | ||
| 650 | |x Commerce | ||
| 650 | |z Japan | ||
| 904 | |i Tuyến | ||
| 980 | |a Trung tâm Học liệu Trường Đại học Cần Thơ | ||